00319 2200133 4500001002100000005001500021035002000036245005700056100002200113300001200135260001800147082000800165990001200173INLIS00000000000211420250527105834 a0010-05250004061 aWakil Rakyat Presiden Pilihanku /cKH. Mujab Mahalli0 aKH. Mujab Mahalli a157 hlm bQirtan,c2003 a813 a0712683